Marques de Téléphones - Statistiques

Statistiques générales
  • Ce quiz a été pris 458 fois
  • Le résultat moyen est 10 sur 192
Statistiques - réponses
Marques de Téléphones % Correct
Samsung
96%
Apple
94%
Nokia
66%
Huawei
65%
Xiaomi
55%
Oppo
42%
Sony
38%
Wiko
38%
LG
36%
Google
32%
BlackBerry
30%
Motorola
30%
Alcatel
23%
Microsoft
20%
Asus
18%
Lenovo
17%
Vivo
15%
OnePlus
14%
Acer
11%
HTC
11%
HP
9%
Realme
9%
Archos
6%
Cat
6%
Fairphone
6%
POCO
6%
TCL
6%
ZTE
6%
Philips
5%
Sony Ericsson
5%
Blackview
4%
E&L
4%
Elephone
4%
Haier
4%
Meizu
4%
BLU
3%
Cubot
3%
Doogee
3%
Gigaset
3%
Hisense
3%
InnJoo
3%
Nothing
3%
Panasonic
3%
AGM
2%
Allcall
2%
Allview
2%
Amigoo
2%
Amoi
2%
Black Shark
2%
Bluboo
2%
BQ
2%
Bsimb
2%
Cagabi
2%
Caterpillar
2%
Centric
2%
China Mobile
2%
COng
2%
Coolpad
2%
Dakele
2%
Doopro
2%
Ecoo
2%
Energy
2%
Essential
2%
EStar
2%
Faea
2%
Gigabyte
2%
Gionee
2%
Gome
2%
Goophone
2%
Gretel
2%
Infinix
2%
Kodak
2%
Razer
2%
360
1%
Aermoo
1%
Axgio
1%
Energizer
1%
Fossibot
1%
Geotel
1%
Hafury
1%
Hike
1%
HomTom
1%
Hotwav
1%
iiiF150
1%
I Kall
1%
iLA
1%
iMan
1%
iNew
1%
InFocus
1%
Innos
1%
Intex
1%
iOcean
1%
iRULU
1%
IUNI
1%
iVooMi
1%
Jesy
1%
Jiake
1%
Jiayu
1%
Karbonn
1%
Kazam
1%
Keecoo
1%
Landvo
1%
Lava
1%
Leagoo
1%
Ly
1%
MyWigo
1%
NIO
1%
Nubia
1%
Oukitel
1%
Palm
1%
Pepsi
1%
Ramos
1%
Sharp
1%
Ulefone
1%
UMi
1%
Wico
1%
Wolder
1%
Zopo
1%
Kenxida
0%
KingSing
0%
KingZone
0%
Kolina
0%
Koolnee
0%
Laude
0%
LeBest
0%
Leotec
0%
LeRee
0%
Lyf
0%
Mann
0%
Maze
0%
Meiigoo
0%
Meitu
0%
M-Horse
0%
Micromax
0%
Mijue
0%
Milai
0%
Mlais
0%
M-Net
0%
Morefine
0%
Mpie
0%
Mstar
0%
Neken
0%
Neo
0%
Newman
0%
NO.1
0%
Noa
0%
Nomu
0%
NZone
0%
Otium
0%
Pantech
0%
Phicomm
0%
Phonemax
0%
Plunk
0%
Pomp
0%
Poptel
0%
PPTV
0%
Prestigio
0%
Qiku
0%
Runbo
0%
Silent Circle
0%
Siswoo
0%
Smartisan
0%
Snopow
0%
Star
0%
Swipe
0%
Tengda
0%
THL
0%
Tianhe
0%
Timmy
0%
TP-Link
0%
Ubro
0%
Uhans
0%
Uhappy
0%
Uimi
0%
Ukozi
0%
UMiDIGI
0%
Unihertz
0%
Vargo
0%
Vernee
0%
ViewSonic
0%
VKworld
0%
Voto
0%
VPhone
0%
Vsmart
0%
Weimei
0%
Wileyfox
0%
Woxter
0%
Xolo
0%
Yota Devices
0%
YU
0%
Zoji
0%
Zuk
0%
Aucun quiz correspondant
Distribution des résultats
% des personnes avec chaque résultat
Percentile par nombre de réponses
Votre historique - résultats
Vous n’avez pas pris ce quiz